| 000 | 00735nam a2200241 a 4500 | ||
|---|---|---|---|
| 008 | 021210s2002slocxo r 0 slo c | ||
| 020 |
_a8055103658 _c30 |
||
| 040 |
_aSNK _bslo _cSNK _eAACR2 |
||
| 041 | 1 |
_aslo _heng |
|
| 044 |
_axo _cSK |
||
| 072 | 7 |
_a821.111-3 _2SNK |
|
| 080 | _a821.111-3 | ||
| 080 | _a821.111-31 | ||
| 100 | 1 |
_aCartland, Barbara _d1901-2000 _4aut |
|
| 245 | 1 | 0 |
_aVášeň a kvet _cBarbara Cartlandová ; [z anglického originálu preložila Martina Zrubáková] |
| 250 | _a[1. vyd.] | ||
| 260 |
_aBratislava _bIkar _c2002 |
||
| 300 |
_a181 s. _c21 cm |
||
| 650 | 0 | 7 |
_aromány ľúbostné anglické _2SNK |
| 650 | 0 | 7 |
_aAnglická próza, anglicky písaná _2SNK |
| 700 | 1 |
_aZrubáková, Martina _4trl |
|
| 958 | _aAUL | ||
| 999 |
_c8006 _d8006 |
||